| 000 | 01732nam0a2200289 4500 | ||
|---|---|---|---|
| 001 | RU\NLR\BIBL_A\011379576 | ||
| 005 | 20240922013419.0 | ||
| 010 |
_a9785788311227 _9100 |
||
| 021 |
_aRU _b2017-23455 _91735 |
||
| 035 | _a(RuMoRGB)008842203 | ||
| 035 | _a(NLR Aleph) 011379576 | ||
| 090 |
_a11393520 _c11393520 |
||
| 100 | _a20170502d2016 u y0rusy50 ca | ||
| 101 | 0 | _arus | |
| 102 | _aRU | ||
| 105 | _aa|||zzzz0|1yy | ||
| 200 | 1 |
_aВведение в теорию коммуникации _eучебное пособие для студентов специальности 42.03.01 Реклама и связи с общественностью _fИ. В. Шумкина _gМинистерство образования и науки Российской Федерации, Федеральное государственное автономное образовательное учреждение высшего образования "Самарский национальный исследовательский университет имени академика С. П. Королева" (Самарский университет) |
|
| 210 |
_aСамара _cИзд-во Самарского университета _d2016 |
||
| 215 |
_a58 с. _cил. _d21 |
||
| 320 | _aБиблиогр.: с. 58 (12 назв.) и в конце занятий | ||
| 606 | 1 |
_aКоммуникации теория _jУчебные издания для высших учебных заведений _91185036 _3RU\NLR\AUTH\66477400 |
|
| 686 | 1 | _aС550.74я73 | |
| 700 | 1 |
_aШумкина _bИ. В. _gИнна Викторовна |
|
| 942 | _cBOOK | ||
| 980 | _aNBR | ||